[Event "San Juan Semana U2200 2nd"]
[Site "San Juan"]
[Date "2018.11.03"]
[Round "3.5"]
[White "Plana, Jose"]
[Black "Ojeda Labayru, Diana"]
[Result "1/2-1/2"]
[WhiteElo "1487"]
[BlackElo "1507"]
[PlyCount "75"]
[EventDate "2018.11.02"]
[EventType "swiss"]
[EventRounds "6"]
[EventCountry "ARG"]
[SourceTitle "EXT 2024"]
[Source "ChessBase"]
[SourceDate "2023.10.10"]
[SourceVersion "1"]
[SourceVersionDate "2023.10.10"]
[SourceQuality "1"]

1. d4 Nf6 2. c4 g6 3. Nc3 d5 4. cxd5 Nxd5 5. e3 Nxc3 6. bxc3 Bg7 7. Ne2 b6 8. c4 c5 9. Rb1 cxd4 10. Nxd4 0-0 11. Be2 Na6 12. 0-0 Nc5 13. Ba3 Ne4 14. Rb3 Re8 15. Rd3 Qc7 16. Qc2 Bb7 17. f3 Nc5 18. Rdd1 Bh6 19. Bc1 e5 20. Nb5 Qe7 21. Nd6 Red8 22. Nxb7 Nxb7 23. Rxd8+ Rxd8 24. Rd1 Rxd1+ 25. Qxd1 Qc5 26. Kf2 Nd6 27. Qd5 Qxd5 28. cxd5 f5 29. Bb2 e4 30. f4 Kf7 31. g4 Bf8 32. Be5 h6 33. Kg3 Be7 34. h4 fxg4 35. Bxd6 Bxd6 36. Bxg4 a5 37. Bd7 Kf6 38. Bc6 1/2-1/2

[Event "Moron Philidor CC 13th"]
[Site "Moron"]
[Date "2017.05.09"]
[Round "1.11"]
[White "Solano, Pablo"]
[Black "Plana, Jose"]
[Result "1-0"]
[WhiteElo "1936"]
[BlackElo "1695"]
[PlyCount "91"]
[EventDate "2017.05.09"]
[EventType "swiss"]
[EventRounds "7"]
[EventCountry "ARG"]
[SourceTitle "EXT 2024"]
[Source "ChessBase"]
[SourceDate "2023.10.10"]
[SourceVersion "1"]
[SourceVersionDate "2023.10.10"]
[SourceQuality "1"]

1. d4 Nf6 2. Nf3 g6 3. g3 Bg7 4. Bg2 d6 5. 0-0 0-0 6. c4 c6 7. Nc3 Qc7 8. Bf4 Nbd7 9. c5 Nh5 10. cxd6 exd6 11. Bg5 f6 12. Bd2 Bh8 13. Bh6 Ng7 14. Qb3+ Rf7 15. Rac1 Qb6 16. Qa3 Nf5 17. Bf4 Bg7 18. Na4 Qc7 19. e4 g5 20. exf5 gxf4 21. d5 fxg3 22. hxg3 c5 23. Nd4 Ne5 24. b4 c4 25. Nb2 Qb6 26. Ne6 Bh6 27. Rc2 Qb5 28. Qc3 a5 29. bxa5 Qxa5 30. Qxa5 Rxa5 31. Nxc4 Nxc4 32. Rxc4 Bd7 33. Rb1 b5 34. Rg4+ Bg7 35. Bf1 Kh8 36. a4 Rxa4 37. Rxa4 bxa4 38. Rb8+ Bf8 39. Nxf8 Kg7 40. Nxd7 Rxd7 41. Ra8 Kh6 42. Rxa4 Kg5 43. Rh4 Re7 44. Bd3 h5 45. f4+ Kh6 46. Kf2 1-0